The secret of secrets : a novel /

"Robert Langdon, esteemed professor of symbology, travels to Prague to attend a groundbreaking lecture by Katherine Solomon--a prominent noetic scientist with whom he has recently begun a relationship. Katherine is on the verge of publishing an explosive book that contains startling discoveries...

Descrición completa

Detalles Bibliográficos
Autor Principal: Brown, Dan, 1964- (Author)
Formato: Libro
Idioma:English
Publicado: New York : Doubleday, ©2025.
Series:Brown, Dan, 1964- Robert Langdon series ; 6.
Subjects:
Classic Catalogue: View this record in Classic Catalogue
LEADER 03564nam a2200577 i 4500
001 45238
003 BD-DhAAL
005 20260105104210.0
008 251230t20252025nyuab e 000 1 eng d
010 |a  2025932069 
020 |a 9780385546898  |q (hardcover) 
020 |z 9780385546928  |q (ebook) 
035 |a (OCoLC)1493077938 
035 |a 24025817 
040 |a IG#  |b eng  |e rda  |c IG#  |d BDX  |d YQV  |d DYJ  |d OCLCQ  |d SINLB  |d IG#  |d CCPLG  |d RNL  |d MWD  |d GL4  |d SDD  |d VP@  |d JTH  |d IAK  |d OCLCO  |d CQC  |d CNCAR  |d OCLCO  |d IBI  |d DLC  |d BD-DhAAL 
042 |a lccopycat 
050 0 0 |a PS3552.R685434  |b S43 2025 
082 4 |a 813.54  |2 23 
100 1 |a Brown, Dan,  |d 1964-  |e author. 
245 1 4 |a The secret of secrets :  |b a novel /  |c Dan Brown. 
260 |a New York :  |b Doubleday,  |c ©2025. 
300 |a 675 pages :  |b illustrations, map ;  |c 25 cm. 
490 1 |a Robert Langdon ;  |v 6 
500 |a Maps on endpapers. 
520 |a "Robert Langdon, esteemed professor of symbology, travels to Prague to attend a groundbreaking lecture by Katherine Solomon--a prominent noetic scientist with whom he has recently begun a relationship. Katherine is on the verge of publishing an explosive book that contains startling discoveries about the nature of human consciousness and threatens to disrupt centuries of established belief. But a brutal murder catapults the trip into chaos, and Katherine suddenly disappears along with her manuscript. Langdon finds himself targeted by a powerful organization and hunted by a chilling assailant sprung from Prague's most ancient mythology. As the plot expands into London and New York, Langdon desperately searches for Katherine . . . and for answers. In a thrilling race through the dual worlds of futuristic science and mystical lore, he uncovers a shocking truth about a secret project that will forever change the way we think about the human mind."--Dust jacket flap. 
541 |a Donated by Farhana Zahir, Assistant Professor, BRAC Business School, BRAC University  |e 45238 
600 1 0 |a Langdon, Robert  |c (Fictitious character)  |v Fiction.  |9 60053 
650 0 |a College teachers  |v Fiction. 
650 0 |a Women scientists  |v Fiction. 
650 0 |a Symbolism  |v Fiction.  |9 60054 
650 0 |a Consciousness  |x Research  |v Fiction.  |9 60055 
650 0 |a Mind and body  |x Research  |v Fiction.  |9 60056 
650 0 |a Missing persons  |v Fiction. 
650 0 |a Mysticism  |v Fiction.  |9 60057 
650 7 |a FICTION / Thrillers / Suspense.  |2 bisacsh  |9 39363 
650 7 |a FICTION / Action & Adventure.  |2 bisacsh  |9 21521 
650 7 |a FICTION / Thrillers / Technological.  |2 bisacsh  |9 60058 
650 7 |a Teachers  |v Fiction.  |2 sears 
650 7 |a Women scientists  |v Fiction.  |2 sears 
650 7 |a Symbolism  |v Fiction.  |2 sears  |9 60054 
650 7 |a Consciousness  |v Fiction.  |2 sears  |9 60059 
650 7 |a Mind and body  |v Fiction.  |2 sears  |9 60060 
650 7 |a Missing persons  |v Fiction.  |2 sears 
650 7 |a Mysticism  |v Fiction.  |2 sears  |9 60057 
655 7 |a Thrillers (Fiction)  |2 lcgft  |9 21499 
655 7 |a Action and adventure fiction.  |2 lcgft  |9 60061 
655 7 |a Novels.  |2 lcgft 
800 1 |a Brown, Dan,  |d 1964-  |t Robert Langdon series ;  |v 6.  |9 60062 
942 |2 ddc  |c BK 
999 |c 47696  |d 47696 
952 |0 0  |1 0  |2 ddc  |4 0  |6 813_540000000000000_BRO  |7 0  |9 78658  |a BRACUL  |b BRACUL  |c NEW  |d 2025-12-30  |e Donated by Farhana Zahir, Assistant Professor, BRAC Business School, BRAC University  |l 2  |m 16  |o 813.54 BRO  |p 3010045238  |q 2026-05-21  |r 2026-04-27  |s 2026-04-27  |t 1  |w 2025-12-30  |y BK  |x Donated copy received from Farhana Zahir, Assistant Professor, BRAC Business School, BRAC University on 19 November 2025;£25.0099